Educação Sexual em Meio Escolar - Linhas Orientadoras (Registo nº 734)
[ vista simples ]
| 000 -Etiqueta do registo | |
|---|---|
| Cabeçalho | 00784nam0a22003011 4500 |
| 005 - Identificador da versão | |
| Campo de controlo | 20240813121811.0 |
| 010 ## - Número internacional normalizado dos livros (ISBN) | |
| Número (ISBN) | 9727830358 |
| 021 ## - Número do Depósito Legal | |
| Código do país | PT |
| Número | 157 464/00 |
| 035 ## - Other System Control Numbers | |
| System Control Number | 0000804 |
| System Control Number | 0000799 |
| System Control Number | 0000792 |
| System Control Number | 0000780 |
| 100 ## - Dados gerais de processamento | |
| Dados gerais de processamento | 20071022d2000 a e0pory5003 ba |
| 102 ## - Pais de publicação ou produção | |
| País de publicação | Portugal |
| 101 0# - Língua de publicação | |
| Língua do texto, banda sonora, etc. | Português |
| Língua do documento no original | Português |
| 106 ## - Campo de dados codificados: material textual | |
| Dados codificados do material textual | r |
| 105 ## - Campo de dados codificados: livros | |
| Dados codificados dos livros | y z 001yy |
| 215 ## - Descrição física | |
| Indicação específica da natureza do documento e extensão da espécie | 126 p. |
| Dimensões | cm |
| 200 1# - Titulo e menção de responsabilidade | |
| Título próprio | Educação Sexual em Meio Escolar - Linhas Orientadoras |
| Primeira menção de responsabilidade | António Manuel Marques |
| Outras menções de responsabilidade | Vasco Prazeres |
| 205 ## - Menção da edição | |
| Menção da edição | 1ª ed |
| 210 ## - Publicação, Distribuição, etc. | |
| Lugar da edição, distribuição, etc. | Lisboa |
| Nome do editor, distribuidor, etc. | Ministério da Educação e Ministério da Saúde |
| 675 ## - Classificação Decimal Universal (CDU) | |
| Notação | 37 - 014 |
| Língua da edição | por |
| 701 #1 - Nome de autor-pessoa física (co-responsabilidade principal) | |
| Código de função | Consultor científico |
| 700 #1 - Nome de autor-pessoa física (responsabilidade principal) | |
| Número de registo de entrada de autoridade | 0001006 |
| Palavra de ordem | Marques |
| 942 ## - Elementos de entrada adicionados (Koha) | |
| Tipo de item no Koha | Livro |
| Situação do levantamento | Origin of item (home branch) (coded) | Biblioteca de empréstimo | Código de barras | Circulation type (not for loan) | Tipo de documento | Nota do exemplar | Damaged status |
|---|---|---|---|---|---|---|---|
| Biblioteca Escolar Eng. Nuno Mergulhão | Biblioteca Escolar Eng. Nuno Mergulhão | BENM1263 | Livro | Sem mensagem |
